| 000 | 00863nam a2200253 i 4500 | ||
|---|---|---|---|
| 001 | 15757 | ||
| 003 | ES-MaACL | ||
| 005 | 20250630032856.0 | ||
| 007 | t| | ||
| 008 | 000505s1987 sp |||| | spa j | ||
| 020 | _a84-505-5501-9 | ||
| 080 | _a339.5(460)"18/19" | ||
| 100 | 1 |
_aFrax Rosales, Esperanza. _952394 |
|
| 245 | 1 | 3 |
_aEl mercado interior y los principales puertos, 1857-1920 / _cEsperanza Frax Rosales. |
| 260 |
_a[Madrid] : _bBanco de España, Servicio de Estudios, _c1987. |
||
| 300 |
_a148 p ; _c24 cm. |
||
| 490 | 1 |
_aEstudios de historia económica ; _v15 |
|
| 650 | 1 | 4 |
_aPuertos- _zEspaña- _vHistoria. _916623 |
| 651 | 4 |
_aEspaña- _xComercio exterior- _vHistoria. _9166380 |
|
| 710 | 2 | 0 |
_aBanco de España _92104 |
| 830 | 0 |
_aEstudios de historia económica ; _v15 _9179607 |
|
| 852 |
_aES-MaACL _jL-22985 |
||
| 999 |
_c15757 _d15757 |
||